| 000 | 00516nam a2200193Ia 4500 | ||
|---|---|---|---|
| 999 |
_c1907 _d1907 |
||
| 003 | OSt | ||
| 005 | 20200930143123.0 | ||
| 008 | 190216s9999||||xx |||||||||||||| ||und|| | ||
| 020 | _a0333929349 | ||
| 040 | _coclc | ||
| 082 |
_a635 _bRAO/T |
||
| 100 |
_aRao, K Manibhushan _95233 |
||
| 245 | 0 |
_aTextbook Of Horticulture / _cK Manibhushan Rao |
|
| 250 | _a1st Ed. | ||
| 260 |
_bMacmillan, _aDelhi: _c2000. |
||
| 300 | _a297p | ||
| 650 | _aBotany | ||
| 942 |
_cBK _2ddc _h635 _iRAO/T _k635 _mRAO/T |
||